MEGALIVING from the monk who sold his Ferri (Record no. 796498)

MARC details
000 -LEADER
fixed length control field 00563nam a2200217Ia 4500
008 - FIXED-LENGTH DATA ELEMENTS--GENERAL INFORMATION
fixed length control field 101110s9999 xx 000 0 und d
041 ## - LANGUAGE CODE
Language code of text/sound track or separate title ENGLISH
082 ## - DEWEY DECIMAL CLASSIFICATION NUMBER
Item number JR5703
100 ## - MAIN ENTRY--PERSONAL NAME
Personal name Sharma Robin
245 ## - TITLE STATEMENT
Title MEGALIVING from the monk who sold his Ferri
260 ## - PUBLICATION, DISTRIBUTION, ETC. (IMPRINT)
Date of publication, distribution, etc 2006
Name of publisher, distributor, etc Jaico Pub, Mumbai
300 ## - PHYSICAL DESCRIPTION
Extent 163
365 ## - TRADE PRICE
Price amount 150
520 ## - SUMMARY, ETC.
Summary, etc English
546 ## - LANGUAGE NOTE
Language note ENGLISH
630 ## - SUBJECT ADDED ENTRY--UNIFORM TITLE
Uniform title MEGALIVING from the monk who sold his Ferri
650 ## - SUBJECT ADDED ENTRY--TOPICAL TERM
Topical term or geographic name as entry element English
655 ## - INDEX TERM--GENRE/FORM
Genre/form data or focus term English
730 ## - ADDED ENTRY--UNIFORM TITLE
Uniform title MEGALIVING from the monk who sold his Ferri
942 ## - ADDED ENTRY ELEMENTS (KOHA)
Koha item type Book
Holdings
Withdrawn status Lost status Damaged status Not for loan Home library Current library Shelving location Date acquired Source of acquisition Cost, normal purchase price Shelving control number Total Checkouts Barcode Date last seen Price effective from Koha item type
        D. B. J. College, Chiplun D. B. J. College, Chiplun     Sanjay Ghorpade yanskadun dt.7/3/08 150.00     DBJJR5703 11/11/2010 11/11/2010 Book